| 000 | 00654nam a2200181 a 4500 | ||
|---|---|---|---|
| 001 | 000025452 | ||
| 005 | 20200930023810.0 | ||
| 008 | 110216s1969 pr a r 000 0 spa d | ||
| 040 |
_aDO-SdBNP _bspa _cBNPHU |
||
| 082 |
_axxxx _bB641a |
||
| 100 | 1 |
_aBlanco, Enrique T. _952065 |
|
| 245 | 1 | 0 |
_aApuntes para la historia de la fauna ornitológica de Puerto Rico / _cEnrique T. Blanco ; edición Emilio M. Colón. |
| 260 |
_aSan Juan, Puerto Rico : _bCoquí, _c1969. |
||
| 300 |
_a76, [xvii] p. : _bil. ; _c22.5 cm. |
||
| 504 | _aIncluye referencias bibliográficas y notas al pie de las páginas. | ||
| 700 | 1 |
_aColón, Emilio M., _eed. _94082 |
|
| 049 | _aBNGR | ||
| 999 |
_c24944 _d24944 |
||